MARC

Tag First Indicator Second Indicator Subfields
LEADER 00000cam a2200000 4500
001 in00000579521
005 20151014090517.0
008 710805s1970 txua b 00010 eng
010 |a  71634050  
035 |a (OCoLC)00207167 
035 |9 ACQ6917AM 
040 |a DLC  |c DLC  |d m.c.  |d TXA  |d UtOrBLW 
049 1 |a TXA2 
050 0 0 |a TD756  |b .S3 
082 0 |a 628/.354 
090 |a TD201  |b .C7 no. 56 
100 1 |a Schmidt, Richard K. 
245 1 0 |a Parameter responses to influent suspended solids in the activated sludge treatment process ;  |b technical report to the Federal Water Pollution Control Administration /  |c by Richard K. Schmidt. W. Wesley Eckenfelder, Jr., co-project director. 
264 1 |a [Austin] :  |b Center for Research in Water Resources, Environmental Health Engineering Research Laboratory, University of Texas at Austin,  |c [1970?] 
300 |a xiii, 96 leaves :  |b illustrations ;  |c 28 cm. 
336 |a text  |b txt  |2 rdacontent 
337 |a unmediated  |b n  |2 rdamedia 
338 |a volume  |b nc  |2 rdacarrier 
490 1 |a [Texas. University at Austin. Center for Research in Water Resources] CRWR ;  |v -56 
500 |a On cover: Design guides for biological waste-water treatment processes. 
500 |a "EHE-70-07." 
504 |a Bibliography: leaves 93-96. 
650 0 |a Sewage  |x Purification  |x Activated sludge process. 
650 0 |a Sewage  |x Purification  |x Mathematical models. 
710 1 |a United States.  |b Federal Water Pollution Control Administration. 
710 2 |a University of Texas at Austin.  |b Environmental Health Engineering Research Laboratory. 
710 2 |a University of Texas at Austin.  |b Center for Research in Water Resources. 
830 0 |a Technical report (University of Texas at Austin. Center for Research in Water Resources) ;  |v CRWR-56. 
999 |a MARS 
999 f f |s 91348571-3763-3653-be91-6a7df749906e  |i dc459287-a132-3ca5-a1de-f017489e8794  |t 0 
952 f f |p ric  |a Texas A&M University  |b Rellis Campus  |c Joint Library Facility  |d Remote Storage  |t 0  |e TD201 .C7 no. 56  |h Library of Congress classification  |i unmediated -- volume  |m A14810827045 
998 f f |a TD201 .C7 no. 56  |t 0  |l Remote Storage